000 00532nam a2200157 a 4500
001 000037377
005 20200930080329.0
008 120329s1897 dr r 000 0 spa d
040 _aDO-SdBNP
_bspa
_cBNPHU
082 _aRD863.3
_bG182zP
100 1 _aPeña y Reinoso, M. de J. de,
_d1834-1910.
_963838
245 1 0 _aEstudio crítico de Enriquillo, leyenda histórica dominicana, escrita /
_cM. De J. Galván.
260 _aSanto Domingo :
_bLa Cuna de América,
_c1897.
300 _a62 p. ;
_c25 cm.
590 _aInventariado, 2018/LP
999 _c36867
_d36867